Come agnelli in mezzo ai lupi /

সংরক্ষণ করুন:
গ্রন্থ-পঞ্জীর বিবরন
প্রধান লেখক: Toschi, Massimo, (1944-2023) (লেখক)
বিন্যাস: গ্রন্থ
ভাষা:ইতালিয়
প্রকাশিত: [S.l.] : [S.n.], 2001
ট্যাগগুলো: ট্যাগ যুক্ত করুন
কোনো ট্যাগ নেই, প্রথমজন হিসাবে ট্যাগ করুন!

MARC

LEADER 00000nam a22000007i 4500
001 IT\ICCU\UBO\1858677
003 ItRI
005 20260115232324.0
008 021018s2001 it |||||| ||||| |||||c
040 |b ita  |c importazione bologna sebina 
041 7 |a ita  |2 ISO-639-2 
100 1 |a Toschi, Massimo,  |d  (1944-2023)  |0 IT\ICCU\CFIV\115182  |4 aut 
245 1 0 |a Come agnelli in mezzo ai lupi /  |c Massimo Toschi. 
260 |a [S.l.] :  |b [S.n.],  |c 2001 
300 |a 20 p. ;  |c 21 cm. 
942 |2 ddc  |c BK  |n 0 
952 |0 0  |1 0  |4 0  |6 DOC_241_624000000000000_TOS  |7 0  |9 24171  |a BO  |b BO  |d 2026-01-15  |i 6544  |l 0  |o DOC 241.624 TOS  |p BO6544  |r 2026-01-15 23:23:24  |w 2026-01-15  |x [Sebina 5] [1 v.]  |y BK  |z 1 v. 
999 |c 20577  |d 20577